[Event "GRE-ch U16"]
[Site "Peristeri"]
[Date "2023.07.05"]
[Round "4"]
[White "Diamantis, Angelos"]
[Black "Dogias, Christos"]
[Result "0-1"]
[WhiteElo "1452"]
[BlackElo "1955"]
[PlyCount "80"]
[EventDate "2023.07.03"]
[EventType "swiss"]
[EventRounds "9"]
[EventCountry "GRE"]
[SourceTitle "EXT 2024"]
[Source "ChessBase"]
[SourceDate "2023.10.10"]
[SourceVersion "1"]
[SourceVersionDate "2023.10.10"]
[SourceQuality "1"]

1. e4 c5 2. Nf3 e6 3. d4 cxd4 4. Nxd4 Nc6 5. Nc3 Qc7 6. Be3 a6 7. Qf3 b5 8. Nxc6 Qxc6 9. a3 Bb7 10. 0-0-0 Nf6 11. Bd3 Bxa3 12. Bd4 Be7 13. g4 b4 14. g5 bxc3 15. gxf6 cxb2+ 16. Bxb2 gxf6 17. Bxf6 Rg8 18. Bxe7 Kxe7 19. Qh5 Qc3 20. Rhe1 Qa1+ 21. Kd2 Qf6 22. Qc5+ Ke8 23. Rg1 Qf4+ 24. Ke2 Rg6 25. Qb4 Bc6 26. Rg3 Qe5 27. Kf1 Qh5 28. Ra1 Qxh2 29. Rxg6 hxg6 30. Ke2 Qh5+ 31. f3 a5 32. Qd6 a4 33. Rb1 f5 34. Qf4 a3 35. exf5 a2 36. Rb8+ Rxb8 37. Qxb8+ Ke7 38. f6+ Kf7 39. Qb4 Qxf3+ 40. Kd2 Qxf6 0-1

[Event "GRE-ch U16"]
[Site "Peristeri"]
[Date "2023.07.04"]
[Round "3"]
[White "Dogias, Christos"]
[Black "Vassis, Anastasios"]
[Result "0-1"]
[WhiteElo "1955"]
[BlackElo "1768"]
[PlyCount "64"]
[EventDate "2023.07.03"]
[EventType "swiss"]
[EventRounds "9"]
[EventCountry "GRE"]
[SourceTitle "EXT 2024"]
[Source "ChessBase"]
[SourceDate "2023.10.10"]
[SourceVersion "1"]
[SourceVersionDate "2023.10.10"]
[SourceQuality "1"]

1. e4 e6 2. d4 d5 3. Nd2 Nc6 4. Ngf3 Nf6 5. e5 Nd7 6. Nb3 f6 7. exf6 Qxf6 8. Bb5 Bd6 9. 0-0 0-0 10. Bg5 Qf7 11. Bh4 h6 12. c3 Ne7 13. Bxe7 Qxe7 14. Bxd7 Bxd7 15. Nc1 Rf5 16. Nd3 Raf8 17. Nfe5 Be8 18. b4 b6 19. g3 c5 20. bxc5 bxc5 21. f4 c4 22. Nf2 Bxe5 23. dxe5 Qc5 24. Qd4 Qxd4 25. cxd4 R5f7 26. Rac1 Rb7 27. Ng4 Bg6 28. Ne3 Rb2 29. Rf2 Rfb8 30. Rcf1 Bd3 31. Rd1 Rxf2 32. Kxf2 Rb2+ 0-1

[Event "GRE-chT U16 14th"]
[Site "Rio Achaia"]
[Date "2022.12.18"]
[Round "6"]
[White "Dogias, Christos"]
[Black "Antonopoulos, Dimitrios"]
[Result "1-0"]
[WhiteElo "1915"]
[BlackElo "1072"]
[PlyCount "109"]
[EventDate "2022.12.15"]
[EventType "team-swiss"]
[EventRounds "6"]
[EventCountry "GRE"]
[SourceTitle "EXT 2024"]
[Source "ChessBase"]
[SourceDate "2023.10.10"]
[SourceVersion "1"]
[SourceVersionDate "2023.10.10"]
[SourceQuality "1"]

1. e4 e5 2. Nf3 Nc6 3. Bc4 Bc5 4. c3 Nf6 5. d3 0-0 6. 0-0 h6 7. a4 a5 8. Nbd2 Re8 9. Re1 d6 10. Nf1 Be6 11. Bxe6 Rxe6 12. Be3 b6 13. d4 exd4 14. cxd4 Bb4 15. d5 Re8 16. dxc6 Bxe1 17. Nxe1 Nxe4 18. Ng3 Nxg3 19. hxg3 Re6 20. Nf3 Qe8 21. Nd4 Rg6 22. Ra3 Qe4 23. Rc3 Qd5 24. b3 h5 25. Qf3 Qe5 26. Qf5 Qxf5 27. Nxf5 Re6 28. Nd4 Re7 29. Nb5 Rd8 30. Kh2 Kh7 31. Rd3 f6 32. Nc3 Rf7 33. Nd5 Rb8 34. Bd2 Ra8 35. Re3 Rb8 36. f4 f5 37. Bc3 Ra8 38. Kg1 Rb8 39. Kf2 Ra8 40. Ke2 Rb8 41. Kd3 Ra8 42. Kc4 Kh8 43. Kb5 Kh7 44. Bd4 Kh8 45. Re7 Rxe7 46. Nxe7 Re8 47. Nd5 Re4 48. Bxb6 cxb6 49. c7 Re8 50. Kxb6 Kg8 51. c8Q Rxc8 52. Ne7+ Kf7 53. Nxc8 Ke6 54. Kc6 d5 55. Kc5 1-0

[Event "GRE-ch U20"]
[Site "Trikala"]
[Date "2022.08.28"]
[Round "5"]
[White "Stoimenidis, Dimitrios"]
[Black "Dogias, Christos"]
[Result "1-0"]
[WhiteElo "1967"]
[BlackElo "1772"]
[PlyCount "59"]
[EventDate "2022.08.25"]
[EventType "swiss"]
[EventRounds "9"]
[EventCountry "GRE"]
[SourceTitle "CBM 210 Extra"]
[Source "ChessBase"]
[SourceDate "2022.11.30"]
[SourceVersion "1"]
[SourceVersionDate "2022.11.30"]
[SourceQuality "1"]

1. e4 c5 2. Nf3 e6 3. d4 cxd4 4. Nxd4 Nc6 5. Nc3 Qc7 6. Be3 a6 7. Qf3 Nf6 8. 0-0-0 d6 9. Nxc6 Qxc6 10. g4 b5 11. a3 Bb7 12. Bd3 Nd7 13. Qe2 Ne5 14. f4 Nxd3+ 15. Qxd3 0-0-0 16. g5 g6 17. Bd4 Rg8 18. Bf6 Rd7 19. Qh3 Be7 20. Qxh7 Bxf6 21. Qxg8+ Rd8 22. Qxf7 Bxc3 23. Qxe6+ Kb8 24. bxc3 Qxc3 25. Kb1 Qxa3 26. Rd4 Qc3 27. Rhd1 Rc8 28. Qxd6+ Ka7 29. R1d2 a5 30. R4d3 1-0

[Event "GRE-ch U20"]
[Site "Trikala"]
[Date "2020.08.18"]
[Round "3"]
[White "Dogias, Christos"]
[Black "Makris, Spyridon Dionysios"]
[Result "1/2-1/2"]
[WhiteElo "1709"]
[BlackElo "2013"]
[PlyCount "60"]
[EventDate "2020.08.17"]
[EventType "swiss"]
[EventRounds "9"]
[EventCountry "GRE"]
[SourceTitle "CBM 198 Extra"]
[Source "ChessBase"]
[SourceDate "2020.11.30"]
[SourceVersion "1"]
[SourceVersionDate "2020.11.30"]
[SourceQuality "1"]

1. e4 e5 2. Nf3 Nc6 3. Bc4 Nf6 4. d3 Be7 5. a4 0-0 6. 0-0 d5 7. exd5 Nxd5 8. c3 a5 9. Re1 Nb6 10. Bb5 f6 11. Qb3+ Kh8 12. Be3 Nd5 13. Nbd2 Bf5 14. Ne4 Nxe3 15. Rxe3 Bg4 16. h3 Bxf3 17. Rxf3 f5 18. Ng3 g6 19. Re1 Bf6 20. Bxc6 bxc6 21. Nf1 Qd5 22. Qc2 Rfd8 23. Nd2 e4 24. Nxe4 fxe4 25. Rxf6 exd3 26. Qd2 Re8 27. Rxe8+ Rxe8 28. Rf3 Rd8 29. Rf4 Qe5 30. f3 Qe2 1/2-1/2

[Event "GRE-chT 47th"]
[Site "Patras"]
[Date "2019.07.05"]
[Round "6.4"]
[White "Dogias, Christos"]
[Black "Ximinis, Ioannis"]
[Result "1-0"]
[WhiteElo "1409"]
[BlackElo "1156"]
[PlyCount "111"]
[EventDate "2019.07.02"]
[EventType "team-swiss"]
[EventRounds "7"]
[EventCountry "GRE"]
[SourceTitle "CBM 191 Extra"]
[Source "ChessBase"]
[SourceDate "2019.09.30"]
[SourceVersion "1"]
[SourceVersionDate "2019.09.30"]
[SourceQuality "1"]
[WhiteTeam "Heraklion OF"]
[BlackTeam "The Police"]
[WhiteTeamCountry "GRE"]
[BlackTeamCountry "GRE"]

1. e4 e6 2. d4 d5 3. e5 c5 4. c3 Qb6 5. Nf3 Nc6 6. a3 c4 7. Be2 Nge7 8. 0-0 Bd7 9. Nbd2 Na5 10. Rb1 Nc8 11. Ne1 Qc7 12. f4 Nb6 13. Nc2 Ba4 14. Nf3 0-0-0 15. Be3 Be7 16. Nd2 Kb8 17. Qc1 Rc8 18. Ne1 Nb3 19. Nxb3 Bxb3 20. Nf3 Ka8 21. Ng5 Bxg5 22. fxg5 h6 23. gxh6 gxh6 24. Qd2 h5 25. Rf2 Rcg8 26. Rbf1 Rh7 27. Kh1 Ba4 28. Bg5 Be8 29. Bf6 Nd7 30. Bd1 Nxf6 31. Rxf6 Qb6 32. R1f4 Rhg7 33. g3 Rg5 34. Rh6 Qd8 35. Qf2 R5g6 36. Rxh5 Rf8 37. Rf6 Qe7 38. Rh6 Rxh6 39. Rxh6 Qg5 40. Qf4 Qg8 41. Qf6 a6 42. Kg2 Ka7 43. h3 Bc6 44. Bc2 Rb8 45. Rh7 Be8 46. Qg7 Qxg7 47. Rxg7 b5 48. h4 Rb7 49. h5 f5 50. exf6 Bxh5 51. Rxb7+ Kxb7 52. g4 Bf7 53. g5 Kc7 54. g6 Bg8 55. f7 Bxf7 56. gxf7 1-0

[Event "GRE-chT 47th"]
[Site "Patras"]
[Date "2019.07.04"]
[Round "4.1"]
[White "Dogias, Christos"]
[Black "Dristellas, Neoklis"]
[Result "1-0"]
[WhiteElo "1409"]
[BlackElo "1577"]
[PlyCount "67"]
[EventDate "2019.07.02"]
[EventType "team-swiss"]
[EventRounds "7"]
[EventCountry "GRE"]
[SourceTitle "CBM 191 Extra"]
[Source "ChessBase"]
[SourceDate "2019.09.30"]
[SourceVersion "1"]
[SourceVersionDate "2019.09.30"]
[SourceQuality "1"]
[WhiteTeam "Heraklion OF"]
[BlackTeam "Kavalas"]
[WhiteTeamCountry "GRE"]
[BlackTeamCountry "GRE"]

1. e4 e5 2. Nf3 Nc6 3. Bc4 Bc5 4. c3 Nf6 5. d3 a6 6. Bb3 Ba7 7. 0-0 d6 8. Bc2 h6 9. Nbd2 0-0 10. h3 Be6 11. Re1 Re8 12. Nf1 d5 13. Qe2 Qd7 14. Kh2 Rad8 15. Ng3 b5 16. Nh4 Ne7 17. d4 dxe4 18. dxe5 Bc4 19. Qd1 Bxf2 20. exf6 Bxe1 21. Qxe1 Nd5 22. fxg7 Nf6 23. Qe3 Re6 24. Nhf5 Nd5 25. Nxh6+ Kxg7 26. Nhf5+ Kg8 27. Qf2 Rf6 28. Bg5 e3 29. Qe1 e2 30. Bxf6 Nxf6 31. Nxe2 Bxe2 32. Qxe2 c6 33. Qe3 Qc7+ 34. Kh1 1-0

[Event "GRE-chT 47th"]
[Site "Patras"]
[Date "2019.07.03"]
[Round "2.6"]
[White "Dogias, Christos"]
[Black "Mourelatos, Spyridon"]
[Result "1-0"]
[WhiteElo "1409"]
[BlackElo "1626"]
[PlyCount "101"]
[EventDate "2019.07.02"]
[EventType "team-swiss"]
[EventRounds "7"]
[EventCountry "GRE"]
[SourceTitle "CBM 191 Extra"]
[Source "ChessBase"]
[SourceDate "2019.09.30"]
[SourceVersion "1"]
[SourceVersionDate "2019.09.30"]
[SourceQuality "1"]
[WhiteTeam "Heraklion OF"]
[BlackTeam "Peristeriou SH"]
[WhiteTeamCountry "GRE"]
[BlackTeamCountry "GRE"]

1. e4 e5 2. Nf3 Nc6 3. Bc4 Bc5 4. c3 Nf6 5. d3 d6 6. 0-0 0-0 7. h3 Be6 8. Bb5 a6 9. Ba4 Ne7 10. d4 exd4 11. cxd4 Ba7 12. Nc3 Ng6 13. Bc2 Nh5 14. Ne2 Qc8 15. Qd3 Bxh3 16. gxh3 Qxh3 17. Nh2 Qxd3 18. Bxd3 Rfe8 19. Be3 Nf6 20. Ng3 Rad8 21. Rac1 c6 22. Nf3 d5 23. e5 Ng4 24. Bf5 Nxe3 25. fxe3 Ne7 26. Bd3 Rd7 27. Ng5 Ng6 28. Rf2 h6 29. Nxf7 Nf8 30. Nd6 Rxd6 31. exd6 Rxe3 32. Nf5 Rxd3 33. Ne7+ Kh7 34. Rxf8 Bxd4+ 35. Kf1 Bb6 36. d7 Rd2 37. Rb1 Rh2 38. Re1 Rxb2 39. d8Q Bxd8 40. Rxd8 Rxa2 41. Rb8 b5 42. Nxc6 Ra4 43. Rd1 Rc4 44. Ne5 Rf4+ 45. Kg2 d4 46. Rb6 Rf5 47. Nf3 a5 48. Nxd4 Rg5+ 49. Kf3 b4 50. Rb5 Kg6 51. Rxg5+ 1-0

[Event "GRE-ch U12"]
[Site "Rio Achaia"]
[Date "2018.07.08"]
[Round "8"]
[White "Dogias, Christos"]
[Black "Panagopoulos, Panagiotis"]
[Result "1-0"]
[WhiteElo "1345"]
[BlackElo "1194"]
[PlyCount "55"]
[EventDate "2018.07.03"]
[EventType "swiss"]
[EventRounds "9"]
[EventCountry "GRE"]
[SourceTitle "EXT 2019"]
[Source "ChessBase"]
[SourceDate "2018.10.10"]
[SourceVersion "1"]
[SourceVersionDate "2018.10.10"]
[SourceQuality "1"]

1. e4 c5 2. Nf3 e6 3. c3 d5 4. Bd3 d4 5. e5 Be7 6. 0-0 Nc6 7. Be4 Bd7 8. d3 f5 9. exf6 Nxf6 10. Bxc6 Bxc6 11. Re1 0-0 12. Ng5 Qd5 13. f3 Bd7 14. Qb3 Qxb3 15. axb3 Rfe8 16. Nxe6 Bxe6 17. Rxe6 a6 18. c4 Rad8 19. Nd2 Bd6 20. Rxe8+ Rxe8 21. Ne4 Nxe4 22. fxe4 Rb8 23. Bd2 Kf7 24. Ra5 Ke7 25. e5 Bxe5 26. Rxc5 Bd6 27. Rd5 Rd8 28. Bg5+ 1-0

[Event "GRE-ch U12"]
[Site "Rio Achaia"]
[Date "2018.07.04"]
[Round "3"]
[White "Alexopoulos, Georgios1111"]
[Black "Dogias, Christos"]
[Result "1/2-1/2"]
[WhiteElo "1109"]
[BlackElo "1345"]
[PlyCount "98"]
[EventDate "2018.07.03"]
[EventType "swiss"]
[EventRounds "9"]
[EventCountry "GRE"]
[SourceTitle "EXT 2019"]
[Source "ChessBase"]
[SourceDate "2018.10.10"]
[SourceVersion "1"]
[SourceVersionDate "2018.10.10"]
[SourceQuality "1"]

1. d4 d5 2. Nf3 Nf6 3. Bf4 e6 4. e3 c5 5. Be2 Nc6 6. 0-0 Be7 7. c4 Nh5 8. Bg3 Nxg3 9. hxg3 0-0 10. cxd5 exd5 11. Nc3 c4 12. b3 Bb4 13. Qc2 cxb3 14. Qxb3 Bxc3 15. Qxc3 Bf5 16. Nh4 Be4 17. Bd3 Bxd3 18. Qxd3 Na5 19. Nf3 f6 20. Rac1 Nc4 21. Nd2 b5 22. Rb1 Qa5 23. Nxc4 dxc4 24. Qe4 a6 25. Qc2 Rfc8 26. Rfd1 b4 27. Qb2 Rab8 28. Rdc1 Qd5 29. Qd2 a5 30. Qc2 c3 31. Qa4 Qb5 32. Qb3+ Kh8 33. a4 Qc4 34. Qxc4 Rxc4 35. Rb3 c2 36. Kf1 Rbc8 37. Ke2 Rc3 38. Rxc3 Rxc3 39. Kd2 Kg8 40. Rxc2 Rxc2+ 41. Kxc2 Kf7 42. Kb3 Ke6 43. Kc4 Kd6 44. e4 h5 45. f3 g6 46. g4 hxg4 47. fxg4 g5 48. g3 Kc6 49. d5+ Kd6 1/2-1/2

[Event "GRE-ch U12"]
[Site "Rio Achaia"]
[Date "2018.07.03"]
[Round "1"]
[White "Spyropoulos, Panagiotis"]
[Black "Dogias, Christos"]
[Result "0-1"]
[WhiteElo "1007"]
[BlackElo "1345"]
[PlyCount "46"]
[EventDate "2018.07.03"]
[EventType "swiss"]
[EventRounds "9"]
[EventCountry "GRE"]
[SourceTitle "EXT 2019"]
[Source "ChessBase"]
[SourceDate "2018.10.10"]
[SourceVersion "1"]
[SourceVersionDate "2018.10.10"]
[SourceQuality "1"]

1. d4 d5 2. c4 e6 3. Nc3 Nf6 4. Nf3 Nbd7 5. e3 b6 6. cxd5 exd5 7. Bb5 Bb7 8. 0-0 Bd6 9. Bxd7+ Nxd7 10. Qc2 0-0 11. Bd2 a6 12. Rfb1 c5 13. dxc5 bxc5 14. Ne2 Nf6 15. b4 c4 16. Bc3 Ne4 17. Nfd4 Qd7 18. f3 Nxc3 19. Nxc3 Rfe8 20. Nf5 Be5 21. Nh4 d4 22. exd4 Qxd4+ 23. Qf2 Qxf2+ 0-1